000 00366cam a2200157ua 4500
003 OSt
008 250415b |||||||| |||| 00| 0 eng d
041 _aeng
082 _a624
_bSES/BA
100 _aSeshagiri, K K .
_97409
245 _aBasic civil engineering /
250 _a5 /
260 _a :
_bAnuradha agencies ,
_c1988.
300 _a390 ; .
942 _cBK
999 _c9251
_d9251